header

In the trenches with Jesus and Marx (Record no. 61994)

MARC details
000 -LEADER
fixed length control field 01980nam a22003494a 4500
082 04 - DEWEY DECIMAL CLASSIFICATION NUMBER
Classification number 261.8/092
-- B
100 1# - MAIN ENTRY--AUTHOR NAME
Personal name Duke, David Nelson,
245 10 - TITLE STATEMENT
Title In the trenches with Jesus and Marx
260 ## - PUBLICATION, DISTRIBUTION, ETC. (IMPRINT)
Place of publication Tuscaloosa :
Name of publisher University of Alabama Press,
Year of publication c2003.
300 ## - PHYSICAL DESCRIPTION
Number of Pages xvi, 305 p. :
Other physical details ill.
490 1# - SERIES STATEMENT
Series statement Religion and American culture
505 0# - FORMATTED CONTENTS NOTE
Formatted contents note Prologue: The world of an outsider -- An English Methodist shopkeeper's world, 1873-1891 -- Discovering new worlds in America, 1891-1898 -- Discovering the battle lines, 1898-1911 -- The increasing price of battle, 1912-1917 -- War without end, 1917-1920 -- A pragmatic holy warrior in the making, 1920-1929 -- The unraveling of radicalism : Ward and Niebuhr during the Great Depression, 1929-1939 -- More wars, 1939-1945 -- In the trenches with Jesus and Marx, 1946-1966 -- Epilogue: The legacy of Harry F. Ward.
650 #0 - SUBJECT ADDED ENTRY--TOPICAL TERM
Topical Term Methodist Church
Topical Term Communists
856 40 - ELECTRONIC LOCATION AND ACCESS
Uniform Resource Identifier http://site.ebrary.com/lib/rucke/Doc?id=10309827

No items available.

© 2026 Rongo University
Contact us: librarian | system librarian | Rongo university